| 000 | 00499nam a2200157 4500 | ||
|---|---|---|---|
| 020 | _a9788126515547 | ||
| 050 |
_aQD453.2 _b.L44 2014 |
||
| 100 | _aLee , J.D. | ||
| 245 |
_aConcise inorganic chemistry _cJ.D. Lee |
||
| 250 | _a5th ed. | ||
| 260 |
_aNew Delhi, India : _bBlack Science Ltd. (Wiley) : _c1996 |
||
| 300 | _axxxv, 1032 pgs. | ||
| 500 | _aIncludes appendices and index | ||
| 650 |
_bChemical bonds ; _bChemistry, Physical and theoretical ; _bAtomic theory ; _bChemistry, Inorganic |
||
| 942 | _cGEN | ||
| 999 |
_c33 _d33 |
||